[Event "18th Karpov Poikovsky 2017"]
[Site "Poikovsky"]
[Date "2017.04.21"]
[Round "4"]
[White "Najer, Evgeniy"]
[Black "Rodshtein, Maxim"]
[Result "1-0"]
[WhiteElo "2679"]
[BlackElo "2701"]
[Annotator "TA"]
[PlyCount "89"]
[EventDate "2017.??.??"]
[EventType "tourn"]
[EventCountry "RUS"]
[SourceTitle "playchess.com"]
[Source "ChessBase"]
[SourceQuality "1"]

{[%evp 19,89,0,45,35,57,37,39,46,44,31,31,31,31,31,35,20,36,29,29,29,25,29,26,9,12,8,13,7,37,26,29,29,25,6,16,0,16,0,18,4,22,10,12,0,12,0,61,58,58,58,55,60,106,100,227,235,213,218,233,189,316,329,310,334,334,327,456,455,480,472,443,402]} 1. e4 e5 2. Nf3 Nc6 3. Bc4 Bc5 4. c3 Nf6 5. d4 exd4 6. e5 d5 7. Bb5 Ne4 8. cxd4 Bb6 9. Nc3 O-O 10. Be3 {C54: Giuoco Piano: 4 c3 Nf6, main lines with 5 d4 and 5 d3} f6 {LiveBook: 3 Games} (10... Bf5 11. O-O Ne7 12. Nh4 Be6 13. Bd3 c5 14. Bxe4 dxe4 15. dxc5 Bc7 16. Nxe4 Qxd1 17. Rfxd1 Bxe5 {1-0 (40) Kryvoruchko,Y (2710)-Onischuk,A (2662) Berlin 2015}) 11. Qb3 $1 Ba5 12. O-O {White is slightly better.} Bxc3 13. bxc3 Na5 14. Qb4 $146 (14. Qc2 Bf5 15. Bd3 fxe5 16. dxe5 Nc4 17. Bxc4 dxc4 18. Nd4 Qc8 19. Qa4 Be6 20. Qa3 h6 21. f3 Ng5 22. Bxg5 hxg5 23. Qe7 Bd5 24. Qxg5 {1-0 (24) Klapp,H (2158)-Maasch,K (1927) GER email 2008}) 14... b6 15. exf6 Qxf6 16. Ne5 Nd6 17. Be2 Be6 18. Rae1 Nac4 19. Nxc4 Nxc4 20. Bxc4 dxc4 21. f3 Rae8 22. Bf2 {[%cal Be3f2,Bf2g3,Bg3e5][%mdl 32]} Bd5 23. Bg3 Qc6 24. Be5 a5 25. Qa3 Rf7 {[%cal Bf8f7,Bf7e7,Be7e6][%mdl 32]} 26. Rf2 Qg6 27. Kh1 Rfe7 28. f4 Qf5 29. Qb2 Re6 30. Qb5 Rd8 31. Re3 c5 32. Rg3 (32. dxc5 $2 Be4 33. h3 Rxe5 34. Qxb6 (34. fxe5 $2 Qxf2 35. Qxc4+ Bd5 $19) 34... Ree8 $19) 32... Qe4 (32... cxd4 $11 33. Rxg7+ Kf8) 33. Kg1 $1 $14 ({But not} 33. Rxg7+ $2 Kf8 34. Kg1 Rxe5 35. Qxb6 Kxg7 $19) 33... Rg6 $1 34. Rxg6 Qxg6 35. h3 cxd4 36. Bxd4 Qg3 (36... Qe6 $16 {was worth a try.}) 37. Qxb6 $40 {[%mdl 128] White is out for blood.} Re8 {[#] ( -> ...Re1+)} 38. Be5 $1 h5 39. Qxa5 Bf7 (39... Rxe5 $142 40. fxe5 Bxg2 41. Qd8+ (41. Rxg2 Qe3+ 42. Kf1 Qf3+ 43. Ke1 Qxg2 $14) 41... Kh7) 40. Rf3 Qe1+ 41. Kh2 h4 42. a4 Qd1 43. Bd4 {White is clearly winning.} Re1 {[%csl Gd1][%cal Re1h1] [#]} 44. Qd8+ Be8 {[%csl Gd1][%cal Re1h1]} 45. Qxh4 1-0

[Event "18th Karpov Poikovsky 2017"]
[Site "Poikovsky"]
[Date "2017.04.21"]
[Round "4"]
[White "Bologan, Victor"]
[Black "Jakovenko, Dmitry"]
[Result "1/2-1/2"]
[WhiteElo "2640"]
[BlackElo "2718"]
[Annotator "TA"]
[PlyCount "35"]
[EventDate "2017.??.??"]
[EventType "tourn"]
[EventCountry "RUS"]
[SourceTitle "playchess.com"]
[Source "ChessBase"]
[SourceQuality "1"]

{[%evp 20,21,-8,-8]} 1. e4 e5 2. Nf3 Nc6 3. Nc3 Nf6 4. Bb5 Nd4 5. Nxd4 exd4 6. e5 dxc3 7. exf6 Qxf6 8. dxc3 Bc5 9. O-O O-O 10. Qh5 d6 {C48: Four Knights: 4 Bb5, replies other than 4...Bb4} 11. Qg5 {LiveBook: 9 Games} Qxg5 $146 12. Bxg5 Bf5 13. Bd3 Bd7 14. Rfe1 Rfe8 15. Kf1 h6 16. Bd2 Kf8 17. Rxe8+ Rxe8 18. Re1 {½-½ (39) Kritz,L (2610)-Onischuk,A (2670) Lubbock 2008} 1/2-1/2

[Event "18th Karpov Poikovsky 2017"]
[Site "Poikovsky"]
[Date "2017.04.21"]
[Round "4"]
[White "Zhigalko, Sergei"]
[Black "Dubov, Daniil"]
[Result "1-0"]
[WhiteElo "2639"]
[BlackElo "2660"]
[Annotator "TA"]
[PlyCount "139"]
[EventDate "2017.??.??"]
[EventType "tourn"]
[EventCountry "RUS"]
[SourceTitle "playchess.com"]
[Source "ChessBase"]
[SourceQuality "1"]

{[%evp 20,139,50,50,50,34,50,50,60,4,4,8,0,8,0,0,72,67,69,70,58,19,66,64,157,161,171,177,166,166,157,175,170,169,210,215,210,206,200,185,198,164,177,172,214,208,220,229,322,314,310,274,504,353,383,383,404,385,331,210,210,201,193,170,227,164,166,163,176,170,174,172,246,188,205,183,177,172,171,171,200,209,248,204,1128,1209,1275,1275,1275,1211,1211,1119,627,600,2266,2325,2163,1807,1704,1373,29960,29957,12738,11256,29948,29939,29971,29974,29971,29974,29968,5106,29977,29978,29977,29978,29978,29979,29981,29982,29980,29981]} 1. e4 c6 2. d4 d5 3. e5 Bf5 4. Nf3 e6 5. Be2 Nd7 6. O-O Bb4 {B12: Caro-Kann: Advance Variation} 7. c3 Ba5 8. Re1 Bc7 9. Nbd2 {[%cal Bb1d2,Bd2f1,Bf1g3][%mdl 32]} h6 10. Nf1 Ne7 (10... c5 11. Ng3 Bg6 12. b4 c4 13. a4 Ne7 14. Nh4 {1-0 (27) Anand,V (2779)-Mamedyarov,S (2768) Doha 2016}) 11. Ng3 {LiveBook: 4 Games} Bh7 12. Bd3 Bxd3 13. Qxd3 c5 $146 (13... Ng6 14. Nh5 {1-0 (150) Bok,B (2598)-Dreev,A (2652) Doha 2016}) 14. dxc5 ({White should play} 14. Nh5 $14) 14... Nxc5 $11 15. Qb5+ Nd7 16. Nh5 a6 $1 {[%cal Ra6b5]} (16... O-O $6 17. Bxh6 $1 {[%mdl 512]} (17. Qxb7 Ng6 $15) 17... a6 18. Qa4 gxh6 19. Qxd7 $1 $16 {[%mdl 512]}) 17. Qxb7 Bb6 (17... O-O $11 {keeps the balance.}) 18. Be3 $1 $16 ({Of course not} 18. Nxg7+ Kf8 19. Nxe6+ (19. Nh5 $2 Ra7 20. Qxa7 Bxa7 $19) 19... fxe6 $17) 18... O-O 19. Bxb6 Nxb6 20. Nd4 {White wants to play Re3.} Nc4 21. b3 $36 {[%mdl 2048] White is more active.} Nxe5 (21... Na5 $14 22. Qb4 Nac6 23. Nxc6 Nxc6) 22. Nxe6 $1 ({Much less strong is} 22. Rxe5 $6 Qd6 $14) 22... fxe6 23. Rxe5 Qd6 {[#]} 24. Rae1 $1 Qc5 25. R5e2 Ra7 26. b4 Qc7 27. Qxc7 Rxc7 28. Rxe6 Nf5 29. Nf4 Rxc3 30. Nxd5 Ra3 31. R6e2 Kh7 32. Rd2 Rb8 33. g3 Rb5 (33... Rb7 $142 34. Re5 Nd6) 34. h4 $18 {[%cal Bh2h4,Bh4h5][%mdl 32]} a5 35. h5 Rb7 $2 (35... axb4 {was necessary.} 36. Re5 Nd6) 36. bxa5 Ra7 37. Re5 Nd6 {White should prevent ...Nc4.} 38. Nf4 Nf7 ({Don't go for} 38... Nc4 $2 {[#]} 39. Re8 $3 {[%mdl 512]} Ne5 40. Rxe5 $18) 39. Rb5 R3xa5 40. Rxa5 Rxa5 {[%mdl 4096] Endgame KRN-KRN} 41. Kf1 Ng5 (41... Kg8 $142 42. Kg2 Ng5) 42. Re2 Kg8 43. Kg2 Kf7 44. Nd3 Kf6 45. f4 Ne6 (45... Nf7 $142 46. g4 Nd6) 46. Ne5 Ra3 47. Nc4 Rc3 48. Nd6 Ra3 49. Rd2 Nc5 50. Kh3 Ke6 51. Nb5 Rxg3+ $2 (51... Ra4 52. Re2+ Kf7 53. Nd6+ Kf6) 52. Kxg3 Ne4+ 53. Kg4 Nxd2 {KN-KN} 54. Nd4+ Kf6 55. a4 Nc4 56. Nc6 Ke6 57. a5 Kd6 58. Nd4 Nxa5 59. Nf5+ Ke6 60. Nxg7+ Kf6 61. Nf5 Nc6 62. Nxh6 Ne7 63. Kf3 Kg7 64. Ng4 Nf5 65. Ne3 (65. h6+ $142 Kg6 66. Ke4 Nd6+ 67. Ke5 Nf7+ 68. Ke6 Nd8+ 69. Kd7 Nb7 70. f5+ Kxf5 71. h7 Kxg4 72. h8=Q Nc5+ 73. Kd6 Ne4+ 74. Ke5) 65... Nh6 66. f5 {[%cal Bf4f5,Bf5f6][%mdl 32] White mates.} Nf7 67. Ng4 Ng5+ 68. Kf4 Nh3+ 69. Ke5 Ng5 70. f6+ 1-0

[Event "18th Karpov Poikovsky 2017"]
[Site "Poikovsky"]
[Date "2017.04.23"]
[Round "5"]
[White "Jakovenko, Dmitry"]
[Black "Korobov, Anton"]
[Result "1/2-1/2"]
[WhiteElo "2718"]
[BlackElo "2695"]
[Annotator "TA"]
[PlyCount "92"]
[EventDate "2017.??.??"]
[EventType "tourn"]
[EventCountry "RUS"]
[SourceTitle "playchess.com"]
[Source "ChessBase"]
[SourceQuality "1"]

{[%evp 18,92,10,1,12,-2,27,14,40,41,41,37,39,41,41,35,41,41,31,28,31,18,30,39,21,26,16,4,7,6,15,12,18,0,0,0,0,0,0,0,0,0,0,0,0,0,0,0,0,-30,-32,-33,-18,-64,-64,-64,-64,-64,-63,-64,-64,-59,-1,-8,0,0,0,0,0,0,0,0,0,0,0,0,8]} 1. e4 e6 2. d4 d5 3. Nc3 Nf6 4. e5 Nfd7 5. f4 c5 6. Nf3 Nc6 7. Be3 Be7 8. Qd2 a6 9. a3 {C11: French: Classical System: 4 e5 and 4 Bg5 dxe4} O-O 10. Be2 {LiveBook: 7 Games} (10. dxc5 Nxc5 11. Qf2 Nd7 12. Nd4 Nxd4 13. Bxd4 f6 14. exf6 Bxf6 15. Bxf6 Qxf6 16. g3 g5 {0-1 (31) Karjakin,S (2785)-Adhiban,B (2653) Wijk aan Zee 2017}) 10... b6 11. Nd1 $146 (11. O-O Bb7 12. Nd1 f6 13. exf6 Nxf6 14. Nf2 Ne4 15. Qc1 Bf6 16. dxc5 bxc5 {0-1 (36) Riff,J (2510)-Weidemann,J (2274) Baden 2015}) 11... f6 12. c3 a5 13. O-O Ba6 14. Bxa6 Rxa6 15. exf6 Nxf6 ({But not} 15... gxf6 $6 16. Qe2 Qc8 17. Bd2 $18) 16. Nf2 Bd6 17. Qe2 Qc8 18. Rae1 Ra7 19. dxc5 bxc5 {[#]} 20. b4 $1 {[%mdl 512]} axb4 21. axb4 Nd8 ({Wrong is} 21... Ne4 $2 22. Nxe4 dxe4 23. Ng5 $18) 22. bxc5 Bxc5 23. Bd4 Re7 24. g3 Nf7 25. Qd3 Nd6 26. Re2 Nfe4 27. Nd2 Nxf2 28. Rfxf2 Rc7 29. Re1 Bxd4 30. cxd4 Rc3 31. Qe2 Re8 32. Qe5 Qc6 33. Qh5 Nf5 $36 {[%mdl 2048] Black has some pressure.} 34. Nf3 {Strongly threatening Ng5.} g6 35. Qh3 Qb6 36. Kh1 Qb4 {White must now prevent ...Rxf3!} 37. Qf1 ({Don't capture} 37. Ng5 $2 h6 38. Nxe6 Re3 $19) 37... Nxd4 38. Nxd4 Qxd4 39. f5 gxf5 {[#]} (39... Re3 $1 $15 40. Rxe3 Qxe3 41. fxe6 Qxe6) 40. Rxf5 $1 $11 {[%mdl 512] The position is equal.} Rc7 (40... exf5 41. Rxe8+) 41. Rfe5 Rf7 42. Qb5 Rff8 43. Qe2 Rf6 44. Rd1 Qa4 {[#]} 45. Rdxd5 $1 {[%mdl 512]} Ref8 (45... exd5 46. Rxe8+) 46. Rd1 Qxd1+ 1/2-1/2

[Event "18th Karpov Poikovsky 2017"]
[Site "Poikovsky"]
[Date "2017.04.23"]
[Round "5"]
[White "Rodshtein, Maxim"]
[Black "Inarkiev, Ernesto"]
[Result "0-1"]
[WhiteElo "2701"]
[BlackElo "2727"]
[Annotator "TA"]
[PlyCount "94"]
[EventDate "2017.??.??"]
[EventType "tourn"]
[EventCountry "RUS"]
[SourceTitle "playchess.com"]
[Source "ChessBase"]
[SourceQuality "1"]

{[%evp 19,94,3,15,0,25,-12,0,0,-9,-15,-12,-14,0,-7,-16,-10,-11,-11,0,0,0,0,0,0,0,-9,-14,-26,-29,-35,-63,-82,-82,-80,-81,-75,-82,-232,-236,-349,-177,-191,-187,-312,-201,-296,-246,-300,-301,-283,-293,-293,-289,-299,-290,-281,-247,-293,-228,-424,-410,-422,-422,-422,-350,-369,-193,-365,-300,-376,-347,-312,-285,-381,-345,-399,-327]} 1. d4 Nf6 2. c4 e6 3. Nf3 d5 4. Nc3 Bb4 5. Bg5 h6 6. Bxf6 Qxf6 7. e3 O-O 8. Be2 {D38: Queen's Gambit Declined: Ragozin Defence (4 Nf3 Bb4)} dxc4 9. O-O Qe7 10. Bxc4 c5 {LiveBook: 6 Games} 11. Qe2 Nc6 $146 (11... b6 12. Rfd1 Bb7 13. Rac1 Rd8 14. h3 Bxc3 15. Rxc3 Nd7 {½-½ (52) Epishin,V (2650)-Landa,K (2510) Mlada Boleslav 1994}) 12. Rad1 Bxc3 13. bxc3 b6 14. Ne5 Bb7 {[%cal Bc8b7,Bb7c6,Bc6d7,Bd7a4][%mdl 32]} 15. f4 Rac8 (15... Nxe5 $5 {is interesting.} 16. dxe5 Rfd8 17. a4 Rxd1 18. Rxd1 Rd8) 16. Nxc6 Bxc6 17. f5 exf5 18. Rxf5 cxd4 (18... Kh8 $5 {looks sharper.} 19. Re5) 19. cxd4 Bd7 20. Rf4 Kh8 21. e4 f6 22. Ba6 Ba4 $36 {[%mdl 2048] Black has the initiative.} 23. Rdf1 Rc2 24. Qd3 {With the idea e5!} Rxa2 25. Qc4 Qa3 26. R4f3 {[#]} Bb3 $1 {[%cal Rb3c4]} 27. Rxb3 Qxa6 28. Qb4 (28. Qxa6 $17 Rxa6 29. Kf2) 28... Rc8 $19 29. Rc3 {[#]} (29. Re1 {keeps fighting.}) 29... Rc2 ({Not} 29... Rxc3 30. Qxc3 b5 31. d5 $17) (29... Qe2 $142 $1 {[%csl Ga2][%cal Re2g2][%mdl 512]} 30. Rg3 (30. Rxc8+ Kh7 31. Rh8+ Kxh8 32. Qf8+ Kh7 33. Qh8+ Kxh8 34. Rf2 Qxf2+ 35. Kh1 Qxg2#) 30... Rd2) 30. Rxc8+ Qxc8 {[%mdl 4096] Endgame KQR-KQR} 31. Qa4 (31. h3 $142) 31... Kh7 32. h3 (32. Qb3 $142) 32... Re2 33. d5 Qc3 {( -> ...Qg3)} 34. Kh1 Qd3 35. Qxa7 Qxe4 {[%csl Ge2][%cal Re4g2]} ({Resist} 35... Rxe4 36. Kg1 $19) 36. Rg1 Re3 {[%cal Re3h3]} ({Much less strong is} 36... Qxd5 37. Qxb6 h5 38. Qb1+ Kh6 39. Qc1+ g5 40. Qf1 $17) 37. Qd7 Rd3 38. d6 f5 {[%cal Rd3h3]} 39. Kh2 $2 (39. Rf1 {was the only defense.}) 39... Qe5+ 40. Kh1 Rxd6 41. Qc7 Qc5 42. Qb7 Qc6 (42... Rd3 $142 {Hoping for ...b5.} 43. Rf1 b5) 43. Qf7 $2 (43. Qxc6 {only move.} Rxc6 44. Rb1) 43... Qd5 44. Qe7 Re6 45. Qf7 Re5 46. Qh5 Qe6 47. Kh2 Re2 0-1

[Event "18th Karpov Poikovsky 2017"]
[Site "Poikovsky"]
[Date "2017.04.23"]
[Round "5"]
[White "Anton Guijarro, David"]
[Black "Zhigalko, Sergei"]
[Result "1/2-1/2"]
[WhiteElo "2679"]
[BlackElo "2639"]
[Annotator "TA"]
[PlyCount "90"]
[EventDate "2017.??.??"]
[EventType "tourn"]
[EventCountry "RUS"]
[SourceTitle "playchess.com"]
[Source "ChessBase"]
[SourceQuality "1"]

{[%evp 15,90,10,10,6,13,11,4,12,17,18,17,2,20,19,18,25,44,22,15,-1,-1,-1,0,-6,-3,-8,6,14,22,12,42,41,43,24,29,27,29,22,23,22,29,24,27,27,26,33,32,33,25,30,17,2,2,0,16,20,20,0,0,0,0,0,0,0,0,0,0,0,0,0,0,0,0,0,0,0,0]} 1. d4 Nf6 2. c4 e6 3. Nf3 b6 4. a3 Bb7 5. Nc3 d5 6. Bf4 Bd6 {E12: Queen's Indian: Unusual White 4th moves, 4 a3, 4 Nc3 Bb7 5 a3 and 4 Nc3 Bb7} 7. Bxd6 cxd6 8. e3 O-O {LiveBook: 3 Games} 9. cxd5 Nxd5 10. Nxd5 Bxd5 11. Bd3 $146 Nd7 12. e4 Bb7 13. O-O e5 14. Re1 {[%cal Bf1e1,Be1e3,Be3c3][%mdl 32]} exd4 15. Nxd4 Qf6 16. Bc2 Rad8 17. Re3 Ne5 18. Qe2 Ng4 19. Qxg4 Qxd4 20. Rc3 Rfe8 21. Rd1 Qf6 22. Qf3 Qe7 {[%cal Rb7e4]} 23. Ba4 Rf8 $1 ({But not} 23... Bxe4 $6 24. Qe2 Bf5 25. Re3 $16) 24. Qe3 (24. Re3 $5 {is interesting.} Rc8 25. Qe2 Qe5 26. f3 Bc6 27. Bb3) 24... Qxe4 25. Qxe4 Bxe4 26. f3 Bf5 27. Rc7 a5 28. Rc6 Bd7 29. Rcxd6 Bxa4 30. Rxd8 Bxd1 31. Rxd1 $11 {[%mdl 4096] Endgame KR-KR} g6 32. Rd6 Rb8 33. h4 {The position is equal.} Kf8 34. Rd7 h5 35. Kh2 Rc8 36. Rb7 Rc6 37. Kg3 Kg7 38. b3 Rd6 39. Kf2 Rd2+ 40. Kg3 Rb2 41. Rxb6 a4 $1 42. b4 {[#] Threatens to win with Ra6.} Ra2 43. Ra6 Rxa3 44. b5 Rb3 45. Rxa4 Rxb5 1/2-1/2

[Event "18th Karpov Poikovsky 2017"]
[Site "Poikovsky"]
[Date "2017.04.23"]
[Round "5"]
[White "Dubov, Daniil"]
[Black "Najer, Evgeniy"]
[Result "1/2-1/2"]
[WhiteElo "2660"]
[BlackElo "2679"]
[Annotator "TA"]
[PlyCount "104"]
[EventDate "2017.??.??"]
[EventType "tourn"]
[EventCountry "RUS"]
[SourceTitle "playchess.com"]
[Source "ChessBase"]
[SourceQuality "1"]

{[%evp 6,104,17,17,45,24,31,37,89,55,52,58,50,61,68,61,98,75,82,72,95,82,85,100,98,91,99,106,117,99,91,87,98,98,125,133,151,150,175,163,273,214,264,242,294,274,319,141,156,151,156,151,131,68,170,52,35,56,58,0,0,-46,-41,-37,0,0,0,-34,0,0,0,0,0,3,2,2,2,2,8,8,20,20,20,20,20,20,20,20,20,20,20,0,0,0,0,0,0,0,0,-8,-8]} 1. c4 e5 2. Nc3 d6 3. g3 Nc6 4. Nf3 {[%cal Bg1f3,Bf3d2,Bd2f1,Bf1e3][%mdl 32]} g5 {A27: English Opening: Three Knights Variation} 5. d4 g4 6. d5 Nce7 (6... gxf3 $14 7. dxc6 bxc6) 7. Nd2 h5 $146 (7... f5 8. h3 Nf6 9. e4 Bg7 10. exf5 Bxf5 11. hxg4 Bxg4 12. Be2 {½-½ (36) Lautier,J (2645)-Kramnik,V (2685) Madrid 1993}) 8. e4 Bh6 9. Bd3 Nf6 10. Nf1 c5 11. Ne3 Bd7 12. Bd2 Ng6 13. Qc2 Nh7 14. O-O-O Bxe3 15. Bxe3 Ng5 16. f4 gxf3 17. h4 Nh7 18. Rdf1 {[%mdl 1024] White has strong compensation.} Bg4 19. Nb1 Qa5 20. a3 a6 21. Nd2 b5 22. Nxf3 O-O (22... Rb8 $142 23. Nh2 Bd7) 23. Rf2 Rab8 24. Bd2 Qb6 25. Nh2 Bd7 26. Nf1 (26. Bh6 $18) 26... bxc4 $16 27. Bxc4 Ba4 28. Qc3 f5 29. Bg5 (29. Rxf5 $6 Rxf5 30. exf5 Ne7 $11) (29. exf5 $16 Ne7 30. g4 hxg4 31. Ng3) 29... f4 ({Better is} 29... fxe4 $14 30. Rxf8+ Ngxf8) 30. Rhh2 (30. Bh6 $18) 30... Nxg5 $14 31. hxg5 Bb5 $1 32. gxf4 ({White should play} 32. Qf3 $1 $14 Kg7 33. Qxh5) 32... Bxc4 $11 (32... exf4 $6 33. Bxb5 (33. Rxh5 Bxc4 34. Qxc4 Qa5 $14) 33... Qxb5 34. Rxh5 $16) (32... Rxf4 $6 33. Qh3 Rxf2 34. Rxf2 $14 (34. Qe6+ Kh8 35. Rxf2 Nf4 36. Qf6+ Kg8 37. Rxf4 exf4 38. Qg6+ Kh8 $14)) 33. Qxc4 {[#] aiming for f5.} Nxf4 34. Rf3 Qb5 35. Qxb5 axb5 36. Kd2 Kg7 37. Ne3 {The position is equal.} Kg6 38. Rg3 $1 Rb7 39. Nf5 Rxf5 $1 40. exf5+ Kxf5 {[%mdl 4096] Endgame KRR-KRN} 41. g6 $1 {[%cal Rg6g7]} Rg7 42. b3 Ke4 (42... Nxd5 $6 43. Rxh5+ Kf6 44. Rh7 $16) 43. a4 bxa4 (43... Rxg6 $2 44. Rxg6 Nxg6 45. axb5 $18) 44. bxa4 {a5 is the strong threat.} Kxd5 ({Much worse is} 44... Rxg6 $6 45. Rxg6 Nxg6 46. Rxh5 (46. a5 Kxd5 47. a6 Kc6 $16) 46... Kxd5 47. a5 $16) 45. a5 Kc6 $1 (45... Rxg6 $6 46. Rxg6 Nxg6 47. Rxh5 $16) 46. a6 {[#] Hoping for Ra3.} Kb6 ({Don't take} 46... Nxg6 $2 47. Rxh5 Ra7 48. Rxg6 $18) ({Reject} 46... Rxg6 $6 47. Rxg6 Nxg6 48. Rxh5 $16) 47. Rb3+ Ka7 48. Rb7+ Rxb7 49. axb7 Nxg6 {White must now prevent ...Nf4.} 50. Rxh5 Nf4 51. Rh6 d5 52. Rc6 Kxb7 1/2-1/2

[Event "18th Karpov Poikovsky 2017"]
[Site "Poikovsky"]
[Date "2017.04.23"]
[Round "5"]
[White "Sutovsky, Emil"]
[Black "Bologan, Victor"]
[Result "1-0"]
[WhiteElo "2650"]
[BlackElo "2640"]
[Annotator "TA"]
[PlyCount "93"]
[EventDate "2017.??.??"]
[EventType "tourn"]
[EventCountry "RUS"]
[SourceTitle "playchess.com"]
[Source "ChessBase"]
[SourceQuality "1"]

{[%evp 25,93,27,41,44,89,27,44,44,41,54,101,112,75,96,109,114,192,164,177,179,189,203,225,242,236,219,243,262,288,221,227,226,215,229,214,224,210,220,255,412,249,0,65,0,250,281,268,257,296,8,52,0,74,114,574,564,600,585,566,500,537,497,751,751,683,668,29981,29978,29992,29993]} 1. e4 e5 2. Nf3 Nc6 3. Bb5 a6 4. Ba4 Nf6 5. O-O Be7 6. Re1 b5 7. Bb3 d6 8. c3 O-O 9. h3 Bb7 10. d4 Nd7 {C92: Closed Ruy Lopez: 9...Be6, Karpov and Flohr-Zaitsev Variations} 11. a4 Na5 12. Bc2 c5 13. d5 c4 {LiveBook: 4 Games} (13... b4 14. b3 bxc3 15. Nxc3 Rb8 16. Bd2 Bc8 17. Nb1 g6 18. Bh6 Re8 19. Na3 Rb4 20. Bd2 {½-½ (48) Shankland,S (2666)-Xiong,J (2674) Saint Louis 2017}) 14. Be3 Qb8 15. Nbd2 (15. Na3 $16) 15... Bc8 $146 (15... Nc5 16. Ra3 Rc8 17. Qe2 Bd8 18. Rea1 Bb6 19. Nh2 Qc7 20. Kh1 {1-0 (53) Pikula,D (2489)-Abramovic,B (2469) Pozarevac 2013}) 16. axb5 axb5 17. Ra3 Nb7 18. Qa1 Rxa3 19. bxa3 {[%cal Bb2a3,Ba3a4][%mdl 32]} f5 20. exf5 Nf6 (20... Nbc5 $16) 21. a4 $1 $18 Nxd5 22. axb5 Nxe3 23. Rxe3 (23. fxe3 Nc5 $14) 23... Nc5 24. Qb1 (24. Nxc4 Qxb5 25. Ncd2 Bb7 $11) 24... Bd7 25. b6 (25. Nxc4 Qxb5 26. Qa2 Kh8 $14) 25... Qb7 26. Nxc4 Qd5 {[#]} 27. Ncxe5 $1 dxe5 28. Rxe5 Qd6 {[#]} 29. f6 $1 {[%cal Rf6e7][%mdl 512]} (29. b7 Rb8 $11) 29... Bxf6 (29... Qxf6 30. Bxh7+) 30. Bxh7+ Kh8 31. Rh5 Be8 32. Bg6+ Kg8 33. Bh7+ $2 (33. Bxe8 $18 Rxe8 34. b7) 33... Kh8 $14 34. Bg6+ $2 $40 {[%mdl 128] White mounts an attack.} (34. Qf5 $1 $14 Bxh5 35. Qxh5) 34... Kg8 $18 35. Bxe8 Rxe8 36. b7 Rb8 {[#]} 37. Qg6 $2 (37. Qa2+ Ne6 $16) (37. Ng5 $1 $18 {White threatens Rh8+! and mate.} Kf8 38. Rh8+ Ke7 39. Rxb8 Qxb8 40. Qb6 Bxg5 41. Qxc5+ Kf6 42. Qd4+ Ke6 43. Qxg7) 37... Ne6 (37... Qd1+ $5 38. Kh2 $8 Qd6+ 39. g3 Ne6 $16) 38. Qe4 (38. Qh7+ $1 $14 Kf7 39. Qe4) 38... Qb6 {[#]} (38... Qd1+ $11 {remains equal.} 39. Kh2 Qd6+ 40. g3 Qb6) 39. c4 $1 $16 {[%cal Rc4c5] c5 is the strong threat.} Nc7 $2 {[%mdl 8192]} (39... Rxb7 $2 40. Rb5 $18) (39... Qa6 $16 {is tougher.}) 40. Ng5 $18 Bxg5 41. Qh7+ ({Worse is} 41. Rxg5 Rxb7 42. Qe7 (42. c5 Qb1+ 43. Qxb1 Rxb1+ 44. Kh2 Rc1 $17) 42... Ne6 43. Qe8+ Nf8 $11) 41... Kf7 42. Rxg5 Ne8 43. Qf5+ Kg8 (43... Nf6 $142 44. Qg6+ Ke6) 44. Qd5+ Kf8 45. Rh5 {Threatens to win with Rh8+.} Qb1+ 46. Kh2 Qxb7 47. Qe6 1-0

[Event "18th Karpov Poikovsky 2017"]
[Site "Poikovsky"]
[Date "2017.04.24"]
[Round "6"]
[White "Inarkiev, Ernesto"]
[Black "Dubov, Daniil"]
[Result "1/2-1/2"]
[WhiteElo "2727"]
[BlackElo "2660"]
[Annotator "TA"]
[PlyCount "54"]
[EventDate "2017.??.??"]
[EventType "tourn"]
[EventCountry "RUS"]
[SourceTitle "playchess.com"]
[Source "ChessBase"]
[SourceQuality "1"]

{[%evp 16,54,27,22,31,25,31,32,23,22,16,19,31,14,39,29,37,0,2,7,31,31,50,-3,-5,-5,12,12,6,15,2,0,0,6,10,-14,-13,-12,-3,-4,0]} 1. e4 e5 2. Nf3 Nc6 3. Bb5 a6 4. Ba4 Nf6 5. O-O Be7 6. d3 b5 7. Bb3 d6 8. a3 {C84: Closed Ruy Lopez: Unusual White 6th moves} Bg4 (8... O-O 9. Nc3 Na5 10. Ba2 Be6 11. b4 Bxa2 12. Rxa2 Nc6 13. Bg5 Nd7 14. Be3 Nf6 15. Bg5 Nd7 16. Be3 Nf6 17. Qb1 {½-½ (51) Vachier Lagrave,M (2796)-Mamedyarov,S (2766) Sharjah 2017}) 9. c3 {LiveBook: 8 Games} Na5 10. Bc2 {White is slightly better.} c5 11. h3 Bd7 $146 (11... Bh5 12. Nbd2 Nc6 13. Re1 O-O 14. Nf1 Ne8 15. g4 Bg6 {1-0 (56) Rocha,V (2100)-Albuquerque,R (1937) Natal 2015}) 12. Nbd2 O-O 13. Re1 Nc6 14. Nf1 Be6 15. Ng5 Bc8 16. f4 exf4 17. Bxf4 Nd7 18. Nf3 Nde5 19. Bb3 ({White should try} 19. N1d2 $14) 19... Nxf3+ {The position is equal.} 20. Qxf3 Be6 21. Bd5 Rc8 22. Ne3 Ne5 23. Bxe5 dxe5 24. a4 Bg5 25. Ng4 Qd6 26. axb5 axb5 27. Bxe6 fxe6 1/2-1/2